Top 50 Highest Grossing Movies Of All Time - Statistics

General Stats
  • This quiz has been taken 115 times
    33 since last reset
  • The average score is 17 of 50
Answer Stats
Year Worldwide Gross (Dollars) Movie % Correct
1997 $2.25 Billion Titanic
100%
2009 $2.92 Billion Avatar
90%
2019 $2.79 Billion Avengers: Endgame
72%
2012 $1.51 Billion The Avengers
72%
2022 $2.32 Billion Avatar: The Way Of The Water
62%
2018 $2.04 Billion Avengers: Infinity War
62%
2015 $1.4 Billion Avengers: Age of Ultron
59%
2016 $1.15 Billion Captain America: Civil War
55%
2023 $1.44 Billion Barbie
52%
2013 $1.21 Billion Iron Man 3
52%
2012 $1.08 Billion The Dark Knight Rises
48%
2021 $1.92 Billion Spider-Man: No Way Home
45%
2003 $1.14 Billion The Lord of the Rings: The Return of the King
45%
2019 $1.13 Billion Spider-Man: Far From Home
41%
2018 $1.34 Billion Black Panther
38%
2019 $1.12 Billion Captain Marvel
38%
1993 $1.03 Billion Jurassic Park
38%
2017 $1.33 Billion Star Wars: The Last Jedi
38%
2019 $1.65 Billion The Lion King
38%
2015 $2.06 Billion Star Wars: Force Awakens
34%
2015 $1.67 Billion Jurassic World
31%
2019 $1.07 Billion Star Wars: The Rise Of Skywalker
31%
2010 $1.07 Billion Toy Story 3
31%
2018 $1.14 Billion Aquaman
28%
2013 $1.29 Billion Frozen
28%
2019 $1.07 Billion Toy Story 4
28%
2014 $1.1 Billion Transformers: Age of Extinction
28%
2011 $1.12 Billion Transformers: Dark of the Moon
28%
2017 $1.26 Billion Beauty and the Beast
24%
2019 $1.45 Billion Frozen 2
24%
2018 $1.3 Billion Jurassic World: Fallen Kingdom
24%
2022 $1.49 Billion Top Gun: Maverick
24%
2018 $1.24 Billion Incredibles 2
21%
2019 $1.07 Billion Joker
21%
2019 $1.05 Billion Aladdin
17%
2017 $1.03 Billion Despicable Me 3
17%
2016 $1.02 Billion Finding Dory
17%
2011 $1.34 Billion Harry Potter and The Deathly Hallows Part 2
17%
2016 $1.05 Billion Rogue One: A Star Wars Story
17%
1999 $1.02 Billion Star Wars Episode I: The Phantom Menace
17%
2017 $1.23 Billion The Fate of the Furious
17%
2015 $1.15 Billion Minions
14%
2011 $1.04 Billion Pirates of the Caribbean: On Stranger Tides
14%
2023 $1.36 Billion The Super Mario Bros. Movie
14%
2015 $1.51 Billion Furious 7
10%
2016 $1.02 Billion Zootopia
10%
2006 $1.06 Billion Pirates of the Caribbean: Dead Man's Chest
7%
2012 $1.1 Billion Skyfall
7%
2012 $1.01 Billion The Hobbit: An Unexpected Journey
7%
2010 $1.02 Billion Alice in Wonderland
3%
No matching quizzes found
Score Distribution
Percent of People with Each Score
Percentile by Number Answered
Your Score History
You have not taken this quiz since the last reset